000
00231 a2200097 4500
001
45273
100
_a
Morrow
245
_a
Ballistic missile & aerospace technology
260
_a
New York
_b
Academic press
_c
090
_c
28459
_d
28459
942
_a
NUST-CAE
_c
M
_c
20512
999
_c
280346
_d
280346